000 00682nam a22002177a 4500
003 UA-OsUOA
001 45111
007 ta
008 20070327b un ||||| |||| 00| 0 ukr d
100 _aПрокофьев А.В.
090 _a101
_bП-11
942 _cSA
040 _aUA-OsUOA
_brus
_cUA-OsUOA
_dUA-OsUOA
245 _aВ поисках индивидуально-перфекционистского архетипа морали (опыт интерпритации этической теории А. Бергсона)
300 _aС.136-151
955 _a0
041 _arus
080 _a101
773 0 _w45107
650 7 _a1 Філософські науки
_2UDC
999 _c331219
_d331219